Abeceda obchodu

Definitívne rozhodnutie získať konkrétne zahraničné trhy, plán konkrétnych opatrení. Predpoklady na uplatnenie sa na trhu krajiny X. Očakávaný prínos exportu - ekonomické vyhodnotenie.

Saved in:
Bibliographic Details
Format: Book Chapter
Language:Czech
Subjects:
Tags: Add Tag
No Tags, Be the first to tag this record!

MARC

LEADER 00000naa$a2200000$$$4500
001 0003286
005 20230908091408.5
041 0 |a cze 
044 |a CZ 
245 1 0 |a Abeceda obchodu 
520 |a Definitívne rozhodnutie získať konkrétne zahraničné trhy, plán konkrétnych opatrení. Predpoklady na uplatnenie sa na trhu krajiny X. Očakávaný prínos exportu - ekonomické vyhodnotenie. 
610 2 0 |a obchod zahraničný 
610 2 0 |a trh zahraničný 
610 2 0 |a vývoz